[Event "Rajkot RCPA op 2nd"]
[Site "Rajkot"]
[Date "2019.08.16"]
[Round "6"]
[White "Shantharam, KV."]
[Black "Maulik, Raval"]
[Result "1/2-1/2"]
[WhiteElo "2109"]
[BlackElo "1980"]
[PlyCount "40"]
[EventDate "2019.08.13"]
[EventType "swiss"]
[EventRounds "10"]
[EventCountry "IND"]
[SourceTitle "EXT 2021"]
[Source "ChessBase"]
[SourceDate "2020.10.23"]
[SourceVersion "1"]
[SourceVersionDate "2020.10.23"]
[SourceQuality "1"]

1. Nf3 Nf6 2. c4 c6 3. g3 g6 4. Bg2 Bg7 5. 0-0 0-0 6. d4 d5 7. cxd5 cxd5 8. Nc3 Ne4 9. Bf4 Nxc3 10. bxc3 Nc6 11. Ne5 Na5 12. e4 Be6 13. Qe2 Rc8 14. Rac1 Re8 15. Rfd1 Nc4 16. Nd3 dxe4 17. Nc5 Bd5 18. Bxe4 b6 19. Na6 e6 20. Qf3 f5 1/2-1/2

[Event "Rajkot RCPA op 2nd"]
[Site "Rajkot"]
[Date "2019.08.15"]
[Round "5"]
[White "Rawal, Shailesh"]
[Black "Shantharam, KV."]
[Result "1/2-1/2"]
[WhiteElo "1796"]
[BlackElo "2109"]
[PlyCount "114"]
[EventDate "2019.08.13"]
[EventType "swiss"]
[EventRounds "10"]
[EventCountry "IND"]
[SourceTitle "EXT 2021"]
[Source "ChessBase"]
[SourceDate "2020.10.23"]
[SourceVersion "1"]
[SourceVersionDate "2020.10.23"]
[SourceQuality "1"]

1. e4 d5 2. exd5 Qxd5 3. Nc3 Qa5 4. d4 Nf6 5. Nf3 c6 6. h3 Bf5 7. Bd3 e6 8. Ne5 Bxd3 9. Qxd3 Na6 10. 0-0 Nb4 11. Qe2 Qd8 12. a3 Nbd5 13. Ne4 Nxe4 14. Qxe4 Nf6 15. Qh4 Be7 16. c3 0-0 17. Bg5 a5 18. Ng4 Nd5 19. Bxe7 Nxe7 20. Rae1 a4 21. f4 Nf5 22. Qxd8 Rfxd8 23. Ne5 Nd6 24. g4 Rac8 25. Kg2 b6 26. Rd1 f6 27. Nd3 Nc4 28. Rfe1 Kf7 29. Re2 Rd6 30. Nf2 c5 31. dxc5 Rxd1 32. Nxd1 Rxc5 33. Ne3 Nd6 34. Kf3 g5 35. fxg5 Rxg5 36. Rd2 Ke7 37. Rd4 b5 38. Rb4 Rc5 39. c4 Nxc4 40. Nxc4 bxc4 41. Rxa4 c3 42. bxc3 Rxc3+ 43. Kg2 Kf7 44. Ra8 Kg6 45. h4 h5 46. g5 fxg5 47. Rg8+ Kf5 48. Rxg5+ Kf4 49. a4 Rc2+ 50. Kf1 Ra2 51. a5 e5 52. Rxh5 Rxa5 53. Rh8 Kf3 54. Rf8+ Kg4 55. Ke2 Kxh4 56. Ke3 Kg5 57. Ke4 Kg6 1/2-1/2

[Event "Kathmandu op"]
[Site "Kathmandu"]
[Date "2018.04.15"]
[Round "6"]
[White "Padmini, Rout"]
[Black "Shantharam, KV."]
[Result "1-0"]
[WhiteElo "2360"]
[BlackElo "2163"]
[PlyCount "136"]
[EventDate "2018.04.13"]
[EventType "swiss"]
[EventRounds "9"]
[EventCountry "NEP"]
[SourceTitle "CBM 183 Extra"]
[Source "ChessBase"]
[SourceDate "2018.04.19"]
[SourceVersion "1"]
[SourceVersionDate "2018.04.19"]
[SourceQuality "1"]

1. e4 e6 2. d4 d5 3. Nc3 dxe4 4. Nxe4 Bd7 5. Nf3 Bc6 6. Bd3 Nd7 7. 0-0 Be7 8. Ng3 Ngf6 9. Ne5 Nxe5 10. dxe5 Qd5 11. f3 Qxe5 12. Qe2 Qxe2 13. Nxe2 Bc5+ 14. Kh1 Nd5 15. a3 a5 16. Bd2 Be3 17. Bxe3 Nxe3 18. Rfe1 Rd8 19. Rac1 0-0 20. Kg1 Nd5 21. Kf2 Nb6 22. Nc3 Na4 23. Nxa4 Bxa4 24. b4 axb4 25. axb4 Bd7 26. Ra1 Ra8 27. Be4 c6 28. Red1 Rxa1 29. Rxa1 f5 30. Bd3 Kf7 31. Ra7 Bc8 32. b5 cxb5 33. Bxb5 Rd8 34. Ke3 Ke7 35. f4 Kd6 36. Ra3 Bd7 37. Bf1 Kc7 38. Be2 Bc6 39. g4 Be4 40. h4 Rd6 41. c4 Ra6 42. Rxa6 bxa6 43. Kd4 Kc6 44. Bd1 a5 45. Ba4+ Kd6 46. c5+ Kc7 47. gxf5 exf5 48. Bb3 Bc6 49. Bg8 h6 50. Be6 Be4 51. Bb3 Bb1 52. Ba4 Be4 53. Bb3 Bc6 54. Be6 Bd7 55. Bd5 Ba4 56. Kc3 Kd7 57. Kd4 Ke7 58. Ke5 Bc2 59. Kd4 Be4 60. Bc4 Bc6 61. Ke5 Be4 62. Bb5 Bb7 63. c6 Bc8 64. h5 Be6 65. c7 Bc8 66. Bc6 Ba6 67. Ba4 Bc8 68. Kd5 Bd7 1-0

[Event "IND-chB 51st"]
[Site "Bhopal"]
[Date "2013.10.15"]
[Round "5"]
[White "Lahiri, Atanu"]
[Black "Shantharam, KV."]
[Result "1/2-1/2"]
[WhiteElo "2325"]
[BlackElo "2167"]
[PlyCount "57"]
[EventDate "2013.10.12"]
[EventType "swiss"]
[EventRounds "13"]
[EventCountry "IND"]
[SourceTitle "EXT 2014"]
[Source "ChessBase"]
[SourceDate "2013.11.20"]
[SourceVersion "1"]
[SourceVersionDate "2013.11.20"]
[SourceQuality "1"]

1. e4 d5 2. exd5 Qxd5 3. Nc3 Qd6 4. d4 Nf6 5. Nf3 c6 6. Ne5 Nbd7 7. Nc4 Qc7 8. Qf3 Nb6 9. Ne5 Be6 10. Bd3 g6 11. h4 Bg7 12. Bf4 Qd8 13. 0-0-0 Nbd5 14. Nxd5 Qxd5 15. Qxd5 Bxd5 16. f3 Nh5 17. Bd2 Ng3 18. Rhe1 Be6 19. c3 Bxa2 20. Bc4 Bxc4 21. Nxc4 Kd7 22. Bf4 Nf5 23. h5 gxh5 24. g3 b5 25. Nd2 Nd6 26. Rh1 Ne8 27. Ne4 Nf6 28. Nxf6+ Bxf6 29. Rxh5 1/2-1/2

[Event "Chennai op 5th"]
[Site "Chennai"]
[Date "2013.01.23"]
[Round "11"]
[White "Shantharam, KV."]
[Black "Nitin, Senthilvel"]
[Result "1/2-1/2"]
[WhiteElo "2101"]
[BlackElo "2367"]
[PlyCount "86"]
[EventDate "2013.01.16"]
[EventType "swiss"]
[EventRounds "11"]
[EventCountry "IND"]
[SourceTitle "CBM 152 Extra"]
[Source "ChessBase"]
[SourceDate "2013.02.25"]
[SourceVersion "1"]
[SourceVersionDate "2013.02.25"]
[SourceQuality "1"]

1. Nf3 Nf6 2. c4 g6 3. g3 Bg7 4. Bg2 0-0 5. 0-0 d6 6. d4 Nbd7 7. Qc2 e5 8. Rd1 Re8 9. Nc3 h6 10. e4 exd4 11. Nxd4 Ne5 12. h3 a6 13. b3 Bd7 14. Be3 Qc8 15. Kh2 h5 16. Nd5 h4 17. gxh4 c5 18. Nxf6+ Bxf6 19. Ne2 b5 20. Nc3 Bxh4 21. f4 Nc6 22. Rxd6 bxc4 23. Qd2 Rd8 24. Nd5 Be6 25. Rxd8+ Qxd8 26. bxc4 Rb8 27. Bxc5 Bf6 28. Rd1 Rb2 29. Qc1 Rxa2 30. e5 Bh4 31. Ne7+ Bxe7 32. Rxd8+ Bxd8 33. Kh1 Na5 34. Qb1 Rd2 35. Be3 Bf5 36. Qb8 Rd1+ 37. Kh2 Nxc4 38. Bc5 Rd2 39. Qa8 Kh7 40. Bb4 Rb2 41. Qxd8 Be4 42. Qh4+ Kg8 43. Qd8+ Kh7 1/2-1/2

[Event "Chennai op 5th"]
[Site "Chennai"]
[Date "2013.01.18"]
[Round "5"]
[White "Shantharam, KV."]
[Black "Kathmale, Sameer"]
[Result "0-1"]
[WhiteElo "2101"]
[BlackElo "2334"]
[PlyCount "110"]
[EventDate "2013.01.16"]
[EventType "swiss"]
[EventRounds "11"]
[EventCountry "IND"]
[SourceTitle "CBM 152 Extra"]
[Source "ChessBase"]
[SourceDate "2013.02.25"]
[SourceVersion "1"]
[SourceVersionDate "2013.02.25"]
[SourceQuality "1"]

1. Nf3 Nf6 2. c4 e6 3. g3 b6 4. Bg2 Bb7 5. 0-0 Be7 6. Nc3 0-0 7. Re1 c6 8. e4 d5 9. e5 Ne8 10. cxd5 cxd5 11. d4 a5 12. h4 Ba6 13. Bg5 b5 14. Rc1 Nd7 15. Bf1 b4 16. Bxa6 Rxa6 17. Qd3 Ra7 18. Bxe7 Qxe7 19. Ng5 g6 20. Na4 Ng7 21. Rc6 Nb8 22. Rc2 f6 23. Nf3 Nf5 24. Kg2 Qe8 25. Nc5 Nc6 26. exf6 Rxf6 27. Rce2 Re7 28. Nb3 Nd6 29. Ne5 Nb7 30. Nxc6 Qxc6 31. Rc1 Qb6 32. Rc8+ Kg7 33. Rec2 a4 34. R2c6 Qa7 35. Ra6 Qxa6 36. Qxa6 axb3 37. axb3 Ref7 38. f4 e5 39. Qe2 exf4 40. Qe5 Nd6 41. g4 f3+ 42. Kf1 Nxc8 43. g5 Nd6 44. gxf6+ Rxf6 45. Qxd5 f2 46. Qe5 Nf7 47. Qe7 h6 48. d5 g5 49. hxg5 hxg5 50. Qxb4 Nd6 51. Qd4 Kg6 52. b4 Rf4 53. Qb6 Rf6 54. b5 Nf5 55. Kxf2 Rxb6 0-1

[Event "Chennai op 5th"]
[Site "Chennai"]
[Date "2013.01.18"]
[Round "2"]
[White "Swapnil, S Dhopade"]
[Black "Shantharam, KV."]
[Result "1-0"]
[WhiteElo "2474"]
[BlackElo "2101"]
[PlyCount "48"]
[EventDate "2013.01.16"]
[EventType "swiss"]
[EventRounds "11"]
[EventCountry "IND"]
[SourceTitle "CBM 152 Extra"]
[Source "ChessBase"]
[SourceDate "2013.02.25"]
[SourceVersion "1"]
[SourceVersionDate "2013.02.25"]
[SourceQuality "1"]

1. d4 Nf6 2. c4 c5 3. d5 e5 4. Nc3 d6 5. e4 Be7 6. g3 a6 7. Bg2 0-0 8. Nge2 Nbd7 9. 0-0 Rb8 10. a4 Ne8 11. h3 g6 12. Bh6 Ng7 13. Qd2 f5 14. exf5 gxf5 15. f4 Nf6 16. fxe5 dxe5 17. Qe3 Bd6 18. Bg5 b6 19. g4 Rb7 20. Qd3 e4 21. Qc2 Qe8 22. Bxf6 Rxf6 23. Nxe4 fxe4 24. Rxf6 Be5 1-0

[Event "IND-chT 32nd"]
[Site "Panaji"]
[Date "2012.02.29"]
[Round "4"]
[White "Suresh, Kumar TJ"]
[Black "Shantharam, KV."]
[Result "1/2-1/2"]
[WhiteElo "2213"]
[BlackElo "2102"]
[PlyCount "64"]
[EventDate "2012.02.27"]
[EventType "team-swiss"]
[EventRounds "9"]
[EventCountry "IND"]
[SourceTitle "CBM 147 Extra"]
[Source "ChessBase"]
[SourceDate "2012.04.24"]
[SourceVersion "1"]
[SourceVersionDate "2012.04.24"]
[SourceQuality "1"]
[WhiteTeam "Tamil Nadu State II"]
[BlackTeam "Indian Bank"]
[WhiteTeamCountry "IND"]
[BlackTeamCountry "IND"]

1. Nf3 d5 2. g3 c5 3. Bg2 Nf6 4. d4 e6 5. 0-0 Nc6 6. c4 Be7 7. cxd5 exd5 8. Nc3 0-0 9. Bg5 c4 10. Ne5 Be6 11. Nxc6 bxc6 12. b3 Qa5 13. Na4 Rfd8 14. Bxf6 gxf6 15. Qc2 Rac8 16. Rfd1 c5 17. Qb2 Kg7 18. Nxc5 Bxc5 19. dxc5 Qxc5 20. Qd4 Qxd4 21. Rxd4 Rb8 22. Rad1 cxb3 23. axb3 Rxb3 24. e4 Bg4 25. Ra1 Rdb8 26. h3 Rb1+ 27. Rxb1 Rxb1+ 28. Kh2 Rd1 29. Ra4 Be6 30. exd5 Bxd5 31. Bxd5 Rxd5 32. Rxa7 Rd3 1/2-1/2

[Event "IND-chT 31st"]
[Site "Cochin"]
[Date "2011.02.27"]
[Round "8"]
[White "Shantharam, KV."]
[Black "Sriram, Jha"]
[Result "0-1"]
[WhiteElo "2091"]
[BlackElo "2465"]
[PlyCount "64"]
[EventDate "2011.02.22"]
[EventType "team-swiss"]
[EventRounds "9"]
[EventCountry "IND"]
[SourceTitle "CBM 141 Extra"]
[Source "ChessBase"]
[SourceDate "2011.05.03"]
[SourceVersion "1"]
[SourceVersionDate "2011.05.03"]
[SourceQuality "1"]
[WhiteTeam "Indian Bank"]
[BlackTeam "LIC of India"]
[WhiteTeamCountry "IND"]
[BlackTeamCountry "IND"]

1. Nf3 f5 2. d4 Nf6 3. g3 g6 4. Bg2 Bg7 5. b3 0-0 6. Bb2 d6 7. 0-0 Qe8 8. c4 h6 9. d5 e5 10. dxe6 Bxe6 11. Nd4 Bc8 12. Nc3 Nc6 13. Nxc6 bxc6 14. Qd2 Bd7 15. Rfe1 g5 16. e4 f4 17. gxf4 gxf4 18. f3 Qh5 19. Na4 Rae8 20. Rad1 Rf7 21. Qf2 Bh3 22. Bxh3 Qxh3 23. e5 dxe5 24. Rxe5 Rxe5 25. Bxe5 Ne4 26. Rd8+ Kh7 27. Qe2 Ng5 28. Qd3+ Rf5 29. Rd7 Nxf3+ 30. Kf2 Qxh2+ 31. Kxf3 Qg3+ 32. Ke2 f3+ 0-1

[Event "IND-chT 31st"]
[Site "Cochin"]
[Date "2011.02.26"]
[Round "7"]
[White "Neelotpal, Das"]
[Black "Shantharam, KV."]
[Result "1-0"]
[WhiteElo "2477"]
[BlackElo "2091"]
[PlyCount "55"]
[EventDate "2011.02.22"]
[EventType "team-swiss"]
[EventRounds "9"]
[EventCountry "IND"]
[SourceTitle "CBM 141 Extra"]
[Source "ChessBase"]
[SourceDate "2011.05.03"]
[SourceVersion "1"]
[SourceVersionDate "2011.05.03"]
[SourceQuality "1"]
[WhiteTeam "PSPB"]
[BlackTeam "Indian Bank"]
[WhiteTeamCountry "IND"]
[BlackTeamCountry "IND"]

1. d4 Nf6 2. Nf3 c5 3. d5 b5 4. Bg5 g6 5. d6 Bb7 6. Nc3 Ne4 7. dxe7 Bxe7 8. Bxe7 Qxe7 9. Nxb5 d5 10. e3 0-0 11. Be2 a6 12. Nc3 d4 13. Nxe4 Bxe4 14. 0-0 dxe3 15. fxe3 Nc6 16. c3 Rab8 17. Qc1 a5 18. a4 Rfd8 19. Bb5 Kg7 20. Nd2 f5 21. Nxe4 Qxe4 22. Rf4 Qe6 23. e4 fxe4 24. Qe3 Qd6 25. Rxe4 Rbc8 26. Re6 Qd5 27. Bxc6 Rxc6 28. Rxc6 1-0

[Event "Chennai op 3rd"]
[Site "Chennai"]
[Date "2011.01.20"]
[Round "4"]
[White "Shantharam, KV."]
[Black "Chernyshov, Konstantin"]
[Result "0-1"]
[WhiteElo "2091"]
[BlackElo "2597"]
[PlyCount "118"]
[EventDate "2011.01.18"]
[EventType "swiss"]
[EventRounds "11"]
[EventCountry "IND"]
[SourceTitle "CBM 140 Extra"]
[Source "ChessBase"]
[SourceDate "2011.03.01"]
[SourceVersion "1"]
[SourceVersionDate "2011.03.01"]
[SourceQuality "1"]

1. Nf3 Nf6 2. c4 b6 3. g3 Bb7 4. Bg2 e6 5. Nc3 Be7 6. 0-0 0-0 7. Re1 d5 8. cxd5 exd5 9. d4 Na6 10. Bf4 c5 11. dxc5 Nxc5 12. Rc1 Ne6 13. Be5 Bc5 14. e3 Re8 15. Qd3 Ng5 16. Nxg5 Rxe5 17. Nf3 Re8 18. Red1 Ne4 19. Nxe4 dxe4 20. Qxd8 Raxd8 21. Nd4 g6 22. Bf1 a6 23. Nb3 Bd6 24. Rc2 Be5 25. Rxd8 Rxd8 26. Be2 Kf8 27. Kf1 Rd7 28. Ke1 Ke7 29. Nd2 h6 30. Nc4 Bc7 31. a4 a5 32. Nd2 Bd6 33. Bb5 Rc7 34. Rxc7+ Bxc7 35. Nc4 g5 36. Kd2 Ke6 37. Kc3 Bd8 38. b4 f5 39. bxa5 bxa5 40. Be8 Ba6 41. Bc6 g4 42. Kb3 Bxc4+ 43. Kxc4 Be7 44. Kc3 Bb4+ 45. Kc2 Be1 46. Kd1 Bxf2 47. Ke2 Bg1 48. Be8 Kf6 49. Bh5 Kg5 50. Be8 h5 51. Bd7 Bxh2 52. Kf2 Bxg3+ 53. Kxg3 h4+ 54. Kf2 g3+ 55. Kg2 Kg4 56. Be6 h3+ 57. Kg1 Kf3 58. Bxf5 h2+ 59. Kh1 g2+ 0-1

[Event "Chennai op 2nd"]
[Site "Chennai"]
[Date "2010.01.28"]
[Round "5"]
[White "Premnath, Ramanathan"]
[Black "Shantharam, KV."]
[Result "0-1"]
[WhiteElo "2304"]
[BlackElo "2096"]
[PlyCount "102"]
[EventDate "2010.01.25"]
[EventType "swiss"]
[EventRounds "11"]
[EventCountry "IND"]
[SourceTitle "CBM 134 Extra"]
[Source "ChessBase"]
[SourceDate "2010.03.03"]
[SourceVersion "1"]
[SourceVersionDate "2010.03.03"]
[SourceQuality "1"]

1. d4 Nf6 2. c4 c5 3. d5 e5 4. Nc3 d6 5. e4 Nbd7 6. Bd3 a6 7. Nf3 Be7 8. 0-0 0-0 9. a3 Nh5 10. Re1 g6 11. Bh6 Ng7 12. g4 Nf6 13. h3 Kh8 14. Kh2 Ng8 15. Be3 f5 16. gxf5 gxf5 17. exf5 Nxf5 18. Ne4 Nf6 19. Rg1 Nxe4 20. Bxe4 b5 21. cxb5 axb5 22. Qf1 Ra4 23. Qd3 Qd7 24. Ng5 Nxe3 25. Qxe3 Bxg5 26. Rxg5 Qxh3+ 27. Qxh3 Bxh3 28. f3 Bc8 29. Rag1 Ra7 30. R1g2 Raf7 31. Rh5 Bf5 32. Rh6 Bxe4 33. fxe4 Rf6 34. Rh3 Rg8 35. Re2 Rf4 36. Rh6 Rg6 37. Rh5 Kg7 38. Rh3 Rgg4 39. Rb3 Rxe4 40. Rxe4 Rxe4 41. Rxb5 Rd4 42. Rb7+ Kg6 43. a4 Rxa4 44. Rb6 Kf5 45. Rxd6 Ke4 46. Rd7 Rb4 47. d6 Rxb2+ 48. Kg3 Kd5 49. Rd8 Rb6 50. d7 Rb7 51. Kf3 Kd6 0-1

[Event "IND-chB 45th"]
[Site "Dindigul"]
[Date "2007.06.12"]
[Round "2"]
[White "Konguvel, Ponnuswamy"]
[Black "Shantharam, KV."]
[Result "1-0"]
[WhiteElo "2381"]
[BlackElo "2192"]
[PlyCount "95"]
[EventDate "2007.06.11"]
[EventType "swiss"]
[EventRounds "12"]
[EventCountry "IND"]
[SourceTitle "CBM 119 Extra"]
[Source "ChessBase"]
[SourceDate "2007.09.04"]
[SourceVersion "1"]
[SourceVersionDate "2007.09.04"]
[SourceQuality "1"]

1. e4 e5 2. Nf3 Nf6 3. d4 exd4 4. e5 Ne4 5. Qxd4 d5 6. exd6 Nxd6 7. Nc3 Nc6 8. Qf4 Nf5 9. Nb5 Bd6 10. Nxd6+ Qxd6 11. Qxd6 Nxd6 12. Bf4 Bf5 13. Bxd6 cxd6 14. 0-0-0 0-0-0 15. Bc4 Rd7 16. Rhe1 Bg4 17. Bd5 Rhd8 18. h3 Bxf3 19. Bxf3 Kc7 20. Bd5 Re7 21. Rxe7+ Nxe7 22. Bb3 Nc6 23. Re1 Rf8 24. Kd2 Kd7 25. Re3 Kd8 26. f3 f6 27. f4 Re8 28. Rg3 Re7 29. c3 Kc7 30. Bd5 a5 31. Bc4 Kb6 32. b3 Kc7 33. h4 Nb8 34. b4 Nd7 35. bxa5 Nc5 36. Bd5 Kb8 37. Re3 Rxe3 38. Kxe3 Ka7 39. Bc4 Kb8 40. Bg8 h6 41. Bd5 Na4 42. Kd4 Kc7 43. c4 Nc5 44. Ke3 Kd7 45. Kf3 f5 46. Bxb7 Nxb7 47. a6 Kc7 48. a7 1-0

[Event "Chennai WinTV op 1st"]
[Site "Chennai"]
[Date "2004.01.28"]
[Round "9"]
[White "Pradeep, Kumar RA"]
[Black "Shantharam, KV."]
[Result "0-1"]
[WhiteElo "1955"]
[BlackElo "2211"]
[PlyCount "104"]
[EventDate "2004.01.21"]
[EventType "swiss"]
[EventRounds "13"]
[EventCountry "IND"]
[SourceTitle "CBM 098 Extra"]
[Source "ChessBase"]
[SourceDate "2004.03.10"]
[SourceVersion "2"]
[SourceVersionDate "2004.03.10"]
[SourceQuality "1"]

1. Nf3 d5 2. g3 c6 3. Bg2 Nf6 4. 0-0 Bf5 5. d3 e6 6. Nbd2 Nbd7 7. c4 h6 8. b3 a5 9. Bb2 Bc5 10. a3 0-0 11. Ne5 Nxe5 12. Bxe5 Ng4 13. Bb2 Qb6 14. Qe1 Bd4 15. Bxd4 Qxd4 16. Nf3 Qb2 17. Qd2 Qxd2 18. Nxd2 Rfd8 19. Rfb1 Ne5 20. cxd5 cxd5 21. b4 axb4 22. Rxb4 Rd7 23. Rab1 Rxa3 24. Rxb7 Rxb7 25. Rxb7 Ra2 26. e4 Rxd2 27. exf5 Rd1+ 28. Bf1 Nxd3 29. fxe6 fxe6 30. Kg2 Ne1+ 31. Kh3 Rd2 32. Rb1 Nf3 33. Kg2 Ng5 34. Re1 Ne4 35. Be2 Kf7 36. Kf3 Ra2 37. Rc1 Kf6 38. h4 Ra3+ 39. Kg2 Nc3 40. Bg4 e5 41. Kf1 e4 42. Ke1 d4 43. Kd2 Ke5 44. Rc2 Ra1 45. Rc1 Ra7 46. Bh5 Ra6 47. Rc2 g6 48. Bg4 Ra1 49. Rc1 e3+ 50. fxe3 dxe3+ 51. Kc2 Rxc1+ 52. Kxc1 Ne4 0-1

[Event "Goodricke op 11th"]
[Site "Kolkata"]
[Date "2000.02.14"]
[Round "9"]
[White "Shantharam, KV."]
[Black "Singh, Gurpreetpal"]
[Result "0-1"]
[WhiteElo "2198"]
[BlackElo "2312"]
[PlyCount "60"]
[EventDate "2000.02.05"]
[EventType "swiss"]
[EventRounds "11"]
[EventCountry "IND"]
[SourceTitle "CBM 074 Extra"]
[Source "ChessBase"]
[SourceDate "2000.03.10"]
[SourceVersion "2"]
[SourceVersionDate "2000.03.10"]
[SourceQuality "1"]

1. Nf3 d6 2. d4 g6 3. c4 Bg7 4. Nc3 Nf6 5. Bg5 0-0 6. e3 c5 7. Be2 Bf5 8. 0-0 Nc6 9. d5 Ne5 10. Ne1 h5 11. f3 a6 12. e4 Bd7 13. Qd2 b5 14. b3 b4 15. Nd1 Nh7 16. Bh6 Nxf3+ 17. Nxf3 Bxa1 18. e5 dxe5 19. Nb2 Bxb2 20. Qxb2 f6 21. Bd3 Bf5 22. Nxe5 fxe5 23. Qxe5 Rf7 24. Bxf5 gxf5 25. Qg3+ Kh8 26. Rxf5 Nf6 27. Rg5 Qd6 28. Qf3 Rh7 29. Rg6 Qe5 30. h3 Rxh6 0-1

[Event "T Nagar FIDE"]
[Site "Chennai"]
[Date "1999.11.18"]
[Round "7"]
[White "Shankar, A."]
[Black "Shantharam, KV."]
[Result "1-0"]
[WhiteElo "2173"]
[BlackElo "2275"]
[PlyCount "54"]
[EventDate "1999.11.15"]
[EventType "swiss"]
[EventRounds "9"]
[EventCountry "IND"]
[SourceTitle "EXT 2002"]
[Source "ChessBase"]
[SourceDate "2001.11.25"]
[SourceVersion "1"]
[SourceVersionDate "2001.11.25"]
[SourceQuality "1"]

1. e4 c5 2. c3 e6 3. d4 d5 4. exd5 exd5 5. Nf3 Nf6 6. Bb5+ Bd7 7. Bxd7+ Nbxd7 8. 0-0 Be7 9. dxc5 Nxc5 10. Nbd2 0-0 11. Nb3 Nfe4 12. Be3 Re8 13. Qc2 Qc7 14. Rad1 Rad8 15. Rfe1 Ne6 16. Nbd4 a6 17. Nf5 Bf6 18. Qb3 N6c5 19. Bxc5 Qxc5 20. Ne3 d4 21. cxd4 Bxd4 22. Nxd4 Rxd4 23. Rxd4 Qxd4 24. Qxb7 h6 25. Qc6 Rd8 26. Qc2 Qb4 27. Re2 Nc5 1-0

[Event "IND-ch"]
[Site "India"]
[Date "1994.??.??"]
[Round "11"]
[White "Koshy, Varugeese"]
[Black "Shantharam, KV."]
[Result "1-0"]
[WhiteElo "2415"]
[BlackElo "2260"]
[PlyCount "68"]
[EventDate "1994.??.??"]
[EventType "tourn"]
[EventRounds "19"]
[EventCountry "IND"]
[EventCategory "5"]
[SourceTitle "CBM 041 Extra"]
[Source "ChessBase"]
[SourceDate "1994.09.01"]
[SourceVersion "1"]
[SourceVersionDate "1994.09.01"]
[SourceQuality "1"]

1. c4 b6 2. Nc3 Bb7 3. e4 e6 4. Nf3 Bb4 5. Bd3 Ne7 6. 0-0 0-0 7. Bc2 f5 8. Qe2 Bxc3 9. dxc3 Na6 10. Bg5 fxe4 11. Bxe4 Nc5 12. Bxb7 Nxb7 13. Rad1 Nd6 14. Ne5 Qe8 15. Rd3 Rf5 16. f4 Nf7 17. Nxd7 Nxg5 18. fxg5 Rxf1+ 19. Qxf1 Ng6 20. c5 e5 21. Qf5 Qe7 22. b4 Re8 23. c4 a5 24. a3 axb4 25. axb4 Nf8 26. Rd5 e4 27. Nxf8 Rxf8 28. Re5 Rxf5 29. Rxe7 bxc5 30. b5 Rxg5 31. Kf2 Rf5+ 32. Ke3 Rf7 33. Re8+ Rf8 34. Rxf8+ Kxf8 1-0

[Event "IND-ch"]
[Site "India"]
[Date "1994.??.??"]
[Round "17"]
[White "Prakash, GB."]
[Black "Shantharam, KV."]
[Result "1/2-1/2"]
[WhiteElo "2385"]
[BlackElo "2260"]
[PlyCount "108"]
[EventDate "1994.??.??"]
[EventType "tourn"]
[EventRounds "19"]
[EventCountry "IND"]
[EventCategory "5"]
[SourceTitle "CBM 041 Extra"]
[Source "ChessBase"]
[SourceDate "1994.09.01"]
[SourceVersion "1"]
[SourceVersionDate "1994.09.01"]
[SourceQuality "1"]

1. d4 e6 2. c4 b6 3. Nc3 Bb7 4. e3 Nf6 5. Nf3 Ne4 6. Nxe4 Bxe4 7. a3 Be7 8. Bd3 Bxd3 9. Qxd3 0-0 10. b4 a5 11. b5 c6 12. 0-0 cxb5 13. cxb5 d5 14. Bb2 Bd6 15. e4 dxe4 16. Qxe4 Nd7 17. Rac1 Nf6 18. Qd3 Nd5 19. Rc6 Ne7 20. Ng5 Ng6 21. Ne4 Bf4 22. Qf3 Rc8 23. g3 Rxc6 24. bxc6 Bc7 25. h4 Ne7 26. a4 Nxc6 27. d5 Ne5 28. Bxe5 Bxe5 29. Rd1 exd5 30. Ng5 h6 31. Rxd5 Qf6 32. Qxf6 Bxf6 33. Ne4 Re8 34. f3 Kf8 35. Kf2 Re5 36. Rd6 Re6 37. Rxe6 fxe6 38. Ke3 Ke7 39. Kd3 Kd7 40. Kc4 Kc6 41. h5 Be5 42. g4 Bb2 43. Ng3 b5+ 44. axb5+ Kb6 45. Ne2 a4 46. Nf4 a3 47. Kb3 e5 48. Ne6 Kxb5 49. g5 hxg5 50. Nxg5 Kc6 51. Ne6 Kd7 52. Nxg7 e4 53. fxe4 Bxg7 54. Kxa3 Ke6 1/2-1/2